1950 1985 1618 1002 1318 1474 1331 1718 1271 1793 1921 1711 1037 1461 1544 1222 1062 1974 1565 1749 1765 1223 1727 1157 1835 1758 1681 1105 1447 1346 1102 1485 1776 1846 1434 1224 1818 1295 1387 1541 1404 1978 1768 1803 1648 1205 1718 1915 1148 1834 1355 1782 1504 1717 1530 1113 1557 1018 1172 1539 1971 1570 1434 1181 1245 1166 1072 1774 1024 1468 1748 1488 1672 1630 1328 1665 1913 1987 1720 1931 1183 1566 1043 1834 1830 1623 1884 1884 1618 1400 1682 1244 1299 1941 1399 1985 1968 1840 1890 BCNSPRNW ULIB Ver.6.0+V

เปลี่ยนเป็นภาษาไทย

Change to English
 แสดงรายละเอียดบรรณานุกรม
  กลับหน้าหลัก

Brief Record : Get Marc (ISO 2709) : E-mail record : QR code < ปิดหน้าต่าง
LEADER : 00000nam 2200000uu 4500
001    13399121426
003     ULIB
008    110609s2546 th 000 1 tha d
020    ^a9789749168165
090    ^aรส^bส234ค 2546
100 0  ^aสมคิด สิงสง
245 10 ^aคนกับควายและงานคัดสรร /^cสมคิด สิงสง, สุรชัย จันทิมาธร
250    ^aพิมพ์ครั้งที่ 1
260    ^aกรุงเทพฯ :^bมูลนิธิสถาบันวิชาการ 14 ตุลา,^c2546
300    ^a178 หน้า ;^c21 ซม.
490 0  ^aหนังสือชุด''ตุลาวรรณกรรม''
500    ^aฉลองครบรอบ 30 ปี 14 ตุลา : 2516-2546 ร่วมวาระประวัติศาสตร์''''วัน 14 ตุลา ประชาธิปไตย''''
650  4 ^aเรื่องสั้น^xรวมเรื่อง
650  4 ^aเรื่องสั้นไทย
650  4 ^aกวีนิพนธ์
650  4 ^aกวีนิพนธ์^xรวมเรื่อง
650  4 ^aกวีนิพนธ์ไทย^xรวมเรื่อง
700 0  ^aสุรชัย จันทิมาธร
710 2  ^aมูลนิธิสถาบันวิชาการ 14 ตุลา
945    ^p0^l0^i14362
995    ^aกัณชพร
999    ^aกัณชพร
รายการนี้ยังไม่มีแท็ก
คุณยังไม่ได้ล็อกอิน คุณสามารถมีกิจกรรมร่วมกับเว็บไซต์ได้ แต่ต้องล็อกอินก่อน ::
  ล็อกอิน

รายการสื่อสารสนเทศ

ลำดับที่ ประเภท เลขเรียก/บาร์โค้ด สถานที่ สถานะ
1. วิทยาศาสตร์การแพทย์ และสุขภาพ
วิทยาศาสตร์การแพทย์ และสุขภาพ
รส ส234ค 2546  
  Barcode: 14362
ห้องสมุดวิทยาเขตสวรรค์ประชารักษ์
►นวนิยาย
บนชั้น
  ขอยืม

รายการใกล้เคียง
    หัวเรื่อง [เรื่องสั้น รวมเรื่อง]
    หัวเรื่อง [เรื่องสั้นไทย]
    หัวเรื่อง [กวีนิพนธ์]

BibComment


ยังไม่เคยถูกคอมเมนท์

คอมเมนท์ทรัพยากรรายการนี้
  คอมเมนท์: คนกับควายและงานค..


 Copyright 2026. Bcnsprnw @Library